000 00559nam a2200193Ia 4500
003 LK-CoDNM
008 010623t2004 xxu||||| |||| 00| 1 sin d
040 _aLK-CoDNM
_dLK-CoDNM
_eLK-CoDNM
041 _asin
080 _a(x) 398
_bMAH
100 _aMahendra, Sunanda
245 _aමනාප හෙවත් විකල්ප ජන වෘත්තාන්තයක්
246 _aManapa hewath vikalpa jana vruthanthayak
260 _bS.Godage
_aColombo
_c2004
300 _b32, 22 cm
650 _aCulture
650 _aFolktales
942 _cBK
999 _c123952
_d123952